<?xml version="1.0" encoding="UTF-8"?>
<record
    xmlns:xsi="http://www.w3.org/2001/XMLSchema-instance"
    xsi:schemaLocation="http://www.loc.gov/MARC21/slim http://www.loc.gov/standards/marcxml/schema/MARC21slim.xsd"
    xmlns="http://www.loc.gov/MARC21/slim">

  <leader>00365nam a2200145Ia 4500</leader>
  <controlfield tag="008">230917s9999||||xx |||||||||||||| ||und||</controlfield>
  <datafield tag="040" ind1=" " ind2=" ">
    <subfield code="e">115122</subfield>
    <subfield code="a">MAIN</subfield>
  </datafield>
  <datafield tag="041" ind1=" " ind2=" ">
    <subfield code="a">English</subfield>
  </datafield>
  <datafield tag="082" ind1=" " ind2=" ">
    <subfield code="a">005.432 K13U</subfield>
  </datafield>
  <datafield tag="100" ind1=" " ind2=" ">
    <subfield code="a">Kanetkar, Yashavant P</subfield>
  </datafield>
  <datafield tag="245" ind1=" " ind2="0">
    <subfield code="a">UNIX shell programming</subfield>
  </datafield>
  <datafield tag="260" ind1=" " ind2=" ">
    <subfield code="a">New Delhi</subfield>
    <subfield code="b">BPB Publications</subfield>
    <subfield code="c">2006</subfield>
  </datafield>
  <datafield tag="300" ind1=" " ind2=" ">
    <subfield code="a">xv, 486 p.</subfield>
  </datafield>
  <datafield tag="942" ind1=" " ind2=" ">
    <subfield code="c">BK</subfield>
  </datafield>
  <datafield tag="952" ind1=" " ind2=" ">
    <subfield code="0">0</subfield>
    <subfield code="1">0</subfield>
    <subfield code="4">0</subfield>
    <subfield code="6">005_432000000000000_K13U</subfield>
    <subfield code="7">0</subfield>
    <subfield code="9">224890</subfield>
    <subfield code="a">MAIN</subfield>
    <subfield code="b">MAIN</subfield>
    <subfield code="c">UIET</subfield>
    <subfield code="d">2008-04-28</subfield>
    <subfield code="l">0</subfield>
    <subfield code="o">005.432 K13U</subfield>
    <subfield code="p">249162</subfield>
    <subfield code="r">2023-09-17 21:29:57</subfield>
    <subfield code="w">2023-09-17</subfield>
    <subfield code="y">BK</subfield>
  </datafield>
  <datafield tag="952" ind1=" " ind2=" ">
    <subfield code="0">0</subfield>
    <subfield code="1">0</subfield>
    <subfield code="4">0</subfield>
    <subfield code="6">005_432000000000000_K13U</subfield>
    <subfield code="7">0</subfield>
    <subfield code="9">224891</subfield>
    <subfield code="a">MAIN</subfield>
    <subfield code="b">MAIN</subfield>
    <subfield code="c">UIET</subfield>
    <subfield code="d">2008-04-28</subfield>
    <subfield code="l">0</subfield>
    <subfield code="o">005.432 K13U</subfield>
    <subfield code="p">249163</subfield>
    <subfield code="r">2023-09-17 21:29:57</subfield>
    <subfield code="w">2023-09-17</subfield>
    <subfield code="y">BK</subfield>
  </datafield>
  <datafield tag="952" ind1=" " ind2=" ">
    <subfield code="0">0</subfield>
    <subfield code="1">0</subfield>
    <subfield code="4">0</subfield>
    <subfield code="6">005_432000000000000_K13U</subfield>
    <subfield code="7">0</subfield>
    <subfield code="9">224892</subfield>
    <subfield code="a">MAIN</subfield>
    <subfield code="b">MAIN</subfield>
    <subfield code="c">UIET</subfield>
    <subfield code="d">2008-04-28</subfield>
    <subfield code="l">2</subfield>
    <subfield code="o">005.432 K13U</subfield>
    <subfield code="p">249164</subfield>
    <subfield code="r">2026-02-18 13:43:39</subfield>
    <subfield code="s">2026-02-14</subfield>
    <subfield code="w">2023-09-17</subfield>
    <subfield code="y">BK</subfield>
  </datafield>
  <datafield tag="952" ind1=" " ind2=" ">
    <subfield code="0">0</subfield>
    <subfield code="1">0</subfield>
    <subfield code="4">0</subfield>
    <subfield code="6">005_432000000000000_K13U</subfield>
    <subfield code="7">0</subfield>
    <subfield code="9">224893</subfield>
    <subfield code="a">MAIN</subfield>
    <subfield code="b">MAIN</subfield>
    <subfield code="c">UIET</subfield>
    <subfield code="d">2008-04-28</subfield>
    <subfield code="l">0</subfield>
    <subfield code="o">005.432 K13U</subfield>
    <subfield code="p">249165</subfield>
    <subfield code="r">2023-09-17 21:29:57</subfield>
    <subfield code="w">2023-09-17</subfield>
    <subfield code="y">BK</subfield>
  </datafield>
  <datafield tag="952" ind1=" " ind2=" ">
    <subfield code="0">0</subfield>
    <subfield code="1">0</subfield>
    <subfield code="4">0</subfield>
    <subfield code="6">005_432000000000000_K13U</subfield>
    <subfield code="7">0</subfield>
    <subfield code="9">224894</subfield>
    <subfield code="a">MAIN</subfield>
    <subfield code="b">MAIN</subfield>
    <subfield code="c">UIET</subfield>
    <subfield code="d">2008-04-28</subfield>
    <subfield code="l">0</subfield>
    <subfield code="o">005.432 K13U</subfield>
    <subfield code="p">249166</subfield>
    <subfield code="r">2023-09-17 21:29:57</subfield>
    <subfield code="w">2023-09-17</subfield>
    <subfield code="y">BK</subfield>
  </datafield>
  <datafield tag="952" ind1=" " ind2=" ">
    <subfield code="0">0</subfield>
    <subfield code="1">0</subfield>
    <subfield code="4">0</subfield>
    <subfield code="6">005_432000000000000_K13U</subfield>
    <subfield code="7">0</subfield>
    <subfield code="9">224895</subfield>
    <subfield code="a">MAIN</subfield>
    <subfield code="b">MAIN</subfield>
    <subfield code="c">UIET</subfield>
    <subfield code="d">2008-04-28</subfield>
    <subfield code="l">0</subfield>
    <subfield code="o">005.432 K13U</subfield>
    <subfield code="p">249167</subfield>
    <subfield code="r">2023-09-17 21:29:57</subfield>
    <subfield code="w">2023-09-17</subfield>
    <subfield code="y">BK</subfield>
  </datafield>
  <datafield tag="952" ind1=" " ind2=" ">
    <subfield code="0">0</subfield>
    <subfield code="1">0</subfield>
    <subfield code="4">0</subfield>
    <subfield code="6">005_432000000000000_K13U</subfield>
    <subfield code="7">0</subfield>
    <subfield code="9">224896</subfield>
    <subfield code="a">MAIN</subfield>
    <subfield code="b">MAIN</subfield>
    <subfield code="c">UIET</subfield>
    <subfield code="d">2008-04-28</subfield>
    <subfield code="l">0</subfield>
    <subfield code="o">005.432 K13U</subfield>
    <subfield code="p">249168</subfield>
    <subfield code="r">2023-09-17 21:29:57</subfield>
    <subfield code="w">2023-09-17</subfield>
    <subfield code="y">BK</subfield>
  </datafield>
  <datafield tag="952" ind1=" " ind2=" ">
    <subfield code="0">0</subfield>
    <subfield code="1">0</subfield>
    <subfield code="4">0</subfield>
    <subfield code="6">005_432000000000000_K13U</subfield>
    <subfield code="7">0</subfield>
    <subfield code="9">224897</subfield>
    <subfield code="a">MAIN</subfield>
    <subfield code="b">MAIN</subfield>
    <subfield code="c">UIET</subfield>
    <subfield code="d">2008-04-28</subfield>
    <subfield code="l">0</subfield>
    <subfield code="o">005.432 K13U</subfield>
    <subfield code="p">249169</subfield>
    <subfield code="r">2023-09-17 21:29:57</subfield>
    <subfield code="w">2023-09-17</subfield>
    <subfield code="y">BK</subfield>
  </datafield>
  <datafield tag="952" ind1=" " ind2=" ">
    <subfield code="0">0</subfield>
    <subfield code="1">0</subfield>
    <subfield code="4">0</subfield>
    <subfield code="6">005_432000000000000_K13U</subfield>
    <subfield code="7">0</subfield>
    <subfield code="9">224898</subfield>
    <subfield code="a">MAIN</subfield>
    <subfield code="b">MAIN</subfield>
    <subfield code="c">UIET</subfield>
    <subfield code="d">2008-04-28</subfield>
    <subfield code="l">0</subfield>
    <subfield code="o">005.432 K13U</subfield>
    <subfield code="p">249170</subfield>
    <subfield code="r">2023-09-17 21:29:57</subfield>
    <subfield code="w">2023-09-17</subfield>
    <subfield code="y">BK</subfield>
  </datafield>
  <datafield tag="952" ind1=" " ind2=" ">
    <subfield code="0">0</subfield>
    <subfield code="1">0</subfield>
    <subfield code="4">0</subfield>
    <subfield code="6">005_432000000000000_K13U</subfield>
    <subfield code="7">0</subfield>
    <subfield code="9">224899</subfield>
    <subfield code="a">MAIN</subfield>
    <subfield code="b">MAIN</subfield>
    <subfield code="c">UIET</subfield>
    <subfield code="d">2008-04-28</subfield>
    <subfield code="l">0</subfield>
    <subfield code="o">005.432 K13U</subfield>
    <subfield code="p">249171</subfield>
    <subfield code="r">2023-09-17 21:29:57</subfield>
    <subfield code="w">2023-09-17</subfield>
    <subfield code="y">BK</subfield>
  </datafield>
  <datafield tag="952" ind1=" " ind2=" ">
    <subfield code="0">0</subfield>
    <subfield code="1">0</subfield>
    <subfield code="4">0</subfield>
    <subfield code="6">005_432000000000000_K13U</subfield>
    <subfield code="7">0</subfield>
    <subfield code="9">224900</subfield>
    <subfield code="a">MAIN</subfield>
    <subfield code="b">MAIN</subfield>
    <subfield code="c">UIET</subfield>
    <subfield code="d">2008-04-28</subfield>
    <subfield code="l">0</subfield>
    <subfield code="o">005.432 K13U</subfield>
    <subfield code="p">249172</subfield>
    <subfield code="r">2023-09-17 21:29:57</subfield>
    <subfield code="w">2023-09-17</subfield>
    <subfield code="y">BK</subfield>
  </datafield>
  <datafield tag="952" ind1=" " ind2=" ">
    <subfield code="0">0</subfield>
    <subfield code="1">0</subfield>
    <subfield code="4">0</subfield>
    <subfield code="6">005_432000000000000_K13U</subfield>
    <subfield code="7">0</subfield>
    <subfield code="9">224901</subfield>
    <subfield code="a">MAIN</subfield>
    <subfield code="b">MAIN</subfield>
    <subfield code="c">UIET</subfield>
    <subfield code="d">2008-04-28</subfield>
    <subfield code="l">0</subfield>
    <subfield code="o">005.432 K13U</subfield>
    <subfield code="p">249173</subfield>
    <subfield code="r">2023-09-17 21:29:57</subfield>
    <subfield code="w">2023-09-17</subfield>
    <subfield code="y">BK</subfield>
  </datafield>
  <datafield tag="999" ind1=" " ind2=" ">
    <subfield code="c">141763</subfield>
    <subfield code="d">141763</subfield>
  </datafield>
</record>
